Where will the new towns in the south east go? (Record no. 60983)

MARC details
000 -LEADER
fixed length control field 00723cam a2200193 4500
001 - CONTROL NUMBER
control field ABS61261
008 - FIXED-LENGTH DATA ELEMENTS--GENERAL INFORMATION
fixed length control field 000000n1999 000 0 eng u
035 ## - SYSTEM CONTROL NUMBER
System control number (Sirsi) u101880
100 ## - MAIN ENTRY--PERSONAL NAME
Personal name Court, P.
245 ## - TITLE STATEMENT
Title Where will the new towns in the south east go?
260 ## - PUBLICATION, DISTRIBUTION, ETC.
Date of publication, distribution, etc. 1999
490 ## - SERIES STATEMENT
Series statement Property Forecast
Volume/sequential designation 2(9) September 1999, 2-3(2)
520 ## - SUMMARY, ETC.
Summary, etc. Considers the need for new housing in the south east. Argues that SERPLAN (South East Regional Planning Authority) has failed to make the necessary provision or offer guidance leaving a vacuum of authority.
650 ## - SUBJECT ADDED ENTRY--TOPICAL TERM
Topical term or geographic name entry element SERPLAN
650 ## - SUBJECT ADDED ENTRY--TOPICAL TERM
Topical term or geographic name entry element SOUTH EAST REGIONAL PLANNING AUTHORITY
650 ## - SUBJECT ADDED ENTRY--TOPICAL TERM
Topical term or geographic name entry element NEW HOUSES
690 ## - LOCAL SUBJECT ADDED ENTRY--TOPICAL TERM (OCLC, RLIN)
Topical term or geographic name as entry element PLANNING LAW AND PRACTICE
942 ## - ADDED ENTRY ELEMENTS (KOHA)
Suppress in OPAC 0
Holdings
Withdrawn status Lost status Source of classification or shelving scheme Damaged status Not for loan Home library Current library Shelving location Date acquired Total Checkouts Full call number Barcode Date last seen Copy number Price effective from Koha item type
    Dewey Decimal Classification     London London Journal article 12/11/1999   ABS61261 101880-1001 06/08/2019 1 06/08/2019 Journal article